The theory of response-adaptive randomization in clinical trials
The Theory of Response-Adaptive Randomization in Clinical Trials is the result of the authors' ten-year collaboration as well as their collaborations with other researchers in investigating the important questions regarding response-adaptive randomization in a rigorous mathematical framework. R...
Sparad:
| Huvudupphovsman: | |
|---|---|
| Materialtyp: | Bok |
| Språk: | Undetermined |
| Publicerad: |
Hoboken, N.J.
Wiley - Interscience
2006
|
| Ämnen: | |
| Taggar: |
Lägg till en tagg
Inga taggar, Lägg till första taggen!
|
| Thư viện lưu trữ: | Trung tâm Học liệu Trường Đại học Cần Thơ |
|---|
| LEADER | 01103nam a2200205Ia 4500 | ||
|---|---|---|---|
| 001 | CTU_165818 | ||
| 008 | 210402s9999 xx 000 0 und d | ||
| 020 | |c 121.00 | ||
| 082 | |a 610.724 | ||
| 082 | |b H874 | ||
| 100 | |a Hu, Feifang | ||
| 245 | 4 | |a The theory of response-adaptive randomization in clinical trials | |
| 245 | 0 | |c Feifang Hu, William F. Rosenberger | |
| 260 | |a Hoboken, N.J. | ||
| 260 | |b Wiley - Interscience | ||
| 260 | |c 2006 | ||
| 520 | |a The Theory of Response-Adaptive Randomization in Clinical Trials is the result of the authors' ten-year collaboration as well as their collaborations with other researchers in investigating the important questions regarding response-adaptive randomization in a rigorous mathematical framework. Response-adaptive allocation has a long history in biostatistics literature; however, largely due to the disastrous ECMO trial in the early 1980s, there is a general reluctance to use these procedures. | ||
| 650 | |a Clinical trials,Thử nghiệm lâm sàng | ||
| 904 | |i Yen,Qhieu | ||
| 980 | |a Trung tâm Học liệu Trường Đại học Cần Thơ | ||